Testprep MCSE : (Record no. 62574)

MARC details
000 -LEADER
fixed length control field 00689nam a22001697a 4500
005 - DATE AND TIME OF LATEST TRANSACTION
control field 2012021109509.0
020 ## - INTERNATIONAL STANDARD BOOK NUMBER
International Standard Book Number 8120315324
Terms of availability 175.00
035 ## - SYSTEM CONTROL NUMBER
System control number A-999172
037 ## - SOURCE OF ACQUISITION
Stock number DPL
Source of stock number/acquisition ENG
100 ## - MAIN ENTRY--PERSONAL NAME
Personal name Adamson, Jay
245 ## - TITLE STATEMENT
Title Testprep MCSE :
Remainder of title Networking essentials /
Statement of responsibility, etc by Jay Adamson
260 ## - PUBLICATION, DISTRIBUTION, ETC. (IMPRINT)
Place of publication, distribution, etc New Delhi
Name of publisher, distributor, etc Prentice-Hall of India
Date of publication, distribution, etc 1999
300 ## - PHYSICAL DESCRIPTION
Extent xi, 316p.
Dimensions 24 cms.
942 ## - ADDED ENTRY ELEMENTS (KOHA)
Source of classification or shelving scheme Dewey Decimal Classification
Item type English Books
Classification part 005.754
Call number suffix ADA
Holdings
Withdrawn status Lost status Not for loan Collection code Home library Current library Date acquired Cost, normal purchase price Full call number Barcode Cost, replacement price Koha item type Copy number
      Non-fiction Sarojini Nagar Sarojini Nagar 11/02/2012 175.00 005.754 ADA A-999172 175.00 English Books  
      Non-fiction Sarojini Nagar Sarojini Nagar 13/02/2012   005.754 ADA A-999180 175.00 English Books 175.00

© Delhi Public Library
Hit Counter
free hit counter